| 000 | 00415cam a2200169ua 4500 | ||
|---|---|---|---|
| 020 | _c1.25 | ||
| 041 |
_amal _h |
||
| 082 |
_a894.8121 _bDAM/VA |
||
| 100 | _aDamodharan pillai, K.R . | ||
| 245 |
_aVazhivilakkukal / _cK.R.Damodharan pillai. _hTextual Documents |
||
| 260 |
_a : _bK.R.Damodharan pillai , _c1966. |
||
| 300 | _a89 ; . | ||
| 365 | _a1.25 | ||
| 504 | _a | ||
| 942 | _cBK | ||
| 999 |
_c1019 _d1019 |
||